Top 10 paesi produttori di carciofi - Statistics

Statistiche generali
  • Questo quiz è stato fatto 52 volte
  • Il punteggio medio è 7 su 10
Statistiche sulle risposte
Quantità (t, 2022) Risposta % Corretto
378.110 Italia
98%
200.070 Spagna
96%
81.023 Cina
86%
33.679 Stati Uniti
86%
41.025 Marocco
76%
459.962 Egitto
71%
40.815 Turchia
61%
124.305 Algeria
59%
30.417 Argentina
47%
97.131 Perù
12%
Nessun quiz corrispondente trovato
Distribuzione punteggi
Percentuale di utenti per punteggio
Percentile per numero di risposta
I tuoi punteggi nel tempo
Non hai fatto questo quiz